LEADER 00918nam0-22003131i-450- 001 990007047990403321 005 20080229104809.0 035 $a000704799 035 $aFED01000704799 035 $a(Aleph)000704799FED01 035 $a000704799 100 $a20020218d1844----km-y0itay50------ba 101 0 $agre 102 $aGR 105 $ay---n---001yy 200 1 $a<>Ellenikoì kodekès$emetà tòn tropoioùn autoùs veotèron... to politikòn suntàgma tes Ellàdos... epexergasthèntes$fupò G.A. Ralle kaì M. Potle 210 $a[Athenesin$cG. Xartophulakos$d1844] 215 $av.$d15 cm 676 $a348$v20$zita 702 1$aPotle,$bM. 702 1$aRalle,$bG.A. 710 01$aGrecia$074556 801 0$aIT$bUNINA$gRICA$2UNIMARC 901 $aBK 912 $a990007047990403321 952 $aXVIII 98$b11019$fFGBC 959 $aFGBC 996 $aEllenikoì kodekès$9707263 997 $aUNINA